书目信息 |
| 题名: |
敏捷软件开发:原则、模式与实践
|
|
| 作者: | Robert C·Martin著 | |
| 分册: | ||
| 出版信息: | 北京 清华大学出版社 2004 |
|
| 页数: | 510页 | |
| 开本: | 16开 | |
| 丛书名: | ||
| 单 册: | ||
| 中图分类: | TP311.52 | |
| 科图分类: | ||
| 主题词: | 软件 | |
| 电子资源: | ||
| ISBN: | 7-302-07197-7 | |
| 000 | 00832nam0 2200217 450 | |
| 001 | 2897 | |
| 005 | 20161207091847.53 | |
| 010 | @a7-302-07197-7@b平装@dCNY59.00 | |
| 092 | @b02-665-214 | |
| 100 | @a20040205d2004 em y0chiy0121 ea | |
| 101 | 0 | @achi |
| 105 | @ay z 000yy | |
| 200 | 1 | @a敏捷软件开发:原则、模式与实践@f〔美〕Robert C·Martin著 |
| 210 | @a北京@c清华大学出版社@d2004 | |
| 215 | @a510页@d16开 | |
| 330 | @a本书荣获第13届软件开发图书震撼大奖。全书介绍了在预算和时间要求下如何使用敏捷开发完成项目,讲解了如何用极限编程来设计、测试、重构和结对编程,包含了极具价值的可重用C++和Java源代码,讲述了如何使用UML和设计模式解决面向客户系统问题。 | |
| 606 | 0 | @a软件 |
| 690 | @aTP311.52@v4 | |
| 701 | 0 | @aRobert C·Martin著 |
| 801 | 0 | @aCN@b大连网信软件有限公司图书馆·11@c20161207 |
| 905 | @aZUCC@dTP311.52@e1024 | |
| 敏捷软件开发:原则、模式与实践/〔美〕Robert C·Martin著.-北京:清华大学出版社,2004 |
| 510页;16开 |
| ISBN 7-302-07197-7(平装):CNY59.00 |
| 本书荣获第13届软件开发图书震撼大奖。全书介绍了在预算和时间要求下如何使用敏捷开发完成项目,讲解了如何用极限编程来设计、测试、重构和结对编程,包含了极具价值的可重用C++和Java源代码,讲述了如何使用UML和设计模式解决面向客户系统问题。 |
| ● |
| 相关链接 |
|
|
|
|
正题名:敏捷软件开发:原则、模式与实践
索取号:TP311.52/1024
 
预约/预借
| 序号 | 登录号 | 条形码 | 馆藏地/架位号 | 状态 | 备注 |
| 1 | 912173 | 209121733 | 第二样本阅览室/ [索取号:TP311.52/1024] | 在馆 | |
| 2 | 912174 | 209121742 | 密集书库—计算机科学学院/ [索取号:TP311.52/1024] | 在馆 | |
| 3 | 912175 | 209121751 | 第三借阅区/ [索取号:TP311.52/1024] | 在馆 | |
| 4 | 912176 | 209121760 | 第三借阅区/ [索取号:TP311.52/1024] | 在馆 | |
| 5 | 912177 | 209121779 | 第三借阅区/ [索取号:TP311.52/1024] | 在馆 |